000 01179nam a22003617a 4500
001 BR8103580
003 BR-BrBNA
005 20230928090958.0
007 ta
008 230509b bl.||||| |||| 00| 0 por d
040 _aBR-BrBNA
_bpor
_cBiblioteca Nacional de Agricultura
041 _a(Por)
072 _aL00; E70
_b5300
_b9704
_b/G514
090 _ 5300 BR8103580
100 1 _aCardoso, G.D.
100 1 _aLima, J.
100 1 _aVieira, J.E.
110 1 _aFundacao Comissao Estadual de Planejamento Agricola do Espirito Santo, Vitoria (Brasil);
_94825
110 1 _aGrupo Executivo para Recuperacao Economica do Espirito Santo, Vitoria (Brasil);
110 1 _aBanco de Desenvolvimento do Espirito Santo, Vitoria (Brasil)
245 1 _aPrograma de apoio a suinocultura no Espirito Santo 1980/87 [Producao animal; Comercializacao; Carne; Brasil]
260 3 _aVitoria, ES (Brasil):
_c1980.
300 _a110 p.
500 _a51 illus.; 36 ref.
650 _aProducao animal
650 _aComercializacao
650 _aSuino
650 _aCarne
650 _aMercado
650 _aEspirito Santo
909 _a202309
_bLucia
_c55
_dLucia Elande
942 _cBK
999 _c31579
_d31579